Homes for Scotland (Record no. 120802)

MARC details
000 -LEADER
fixed length control field 00706cai a22001815a 4500
001 - CONTROL NUMBER
control field E147690
008 - FIXED-LENGTH DATA ELEMENTS--GENERAL INFORMATION
fixed length control field 090605u xxk g 000 0 eng d
035 ## - SYSTEM CONTROL NUMBER
System control number (Sirsi) u147690
041 0# - LANGUAGE CODE
Language code of text/sound track or separate title eng
110 2# - MAIN ENTRY--CORPORATE NAME
Corporate name or jurisdiction name as entry element Homes for Scotland
245 00 - TITLE STATEMENT
Title Homes for Scotland
Medium [electronic resource]
520 ## - SUMMARY, ETC.
Summary, etc. Website for Homes for Scotland, an organisation which represents Scotland's private home building industry. Includes facts and figures, publications, research and a members directory.
590 ## - LOCAL NOTE (RLIN)
Local note KA
651 #4 - SUBJECT ADDED ENTRY--GEOGRAPHIC NAME
Geographic name Scotland
Chronological subdivision 1999-
690 ## - LOCAL SUBJECT ADDED ENTRY--TOPICAL TERM (OCLC, RLIN)
Topical term or geographic name as entry element Residential property
9 (RLIN) 6266
856 40 - ELECTRONIC LOCATION AND ACCESS
Uniform Resource Identifier <a href="https://www.homesforscotland.com/Home.aspx">https://www.homesforscotland.com/Home.aspx</a>
Public note View the website free of charge at www.homesforscotland.com...
942 ## - ADDED ENTRY ELEMENTS (KOHA)
Suppress in OPAC 0
Holdings
Withdrawn status Lost status Source of classification or shelving scheme Damaged status Not for loan Home library Current library Shelving location Date acquired Total Checkouts Full call number Barcode Date last seen Copy number Price effective from Koha item type
    Dewey Decimal Classification     Virtual Virtual Online 05/06/2009   ONLINE PUBLICATION 147690-2001 06/08/2019 1 06/08/2019 Online material